Представление документа в формате RUSMARC

ПолеНазваниеЗначение
  Тип записи a
  Библиографический уровень m
001 Контрольный номер RU/REG73/CBS_GRAD/2a2fb528d1d7454693f10489a40c98be
005 Дата корректировки 20260416134935.7
010 Индекс ISBN __
b Уточнения в пер.
9 Тираж 50000 экз.
100 Данные общей обработки __
a Данные общей обработки 20260416d1987 ||uy0rusy0189## ca
101 Язык документа 0_
a Язык текста rus
102 Страна публикации __
a Страна публикации RU
105 Кодированные данные (монография) __
a Кодированные данные (монография) a z 000yy
200 Заглавие и сведения об ответственности 1_
a Заглавие Государственные музеи Московского Кремля
f Первые сведения об ответственности Ирина Сергеевна Ненарокомова
g Последующие сведения об ответственности художник Н. Васильев
g Последующие сведения об ответственности редактор И. Лебедева
203 Вид содержания и тип средства __
a Вид содержания Текст
b Характеристика содержания визуальный
c Тип средства непосредственный
205 Сведения об издании __
a Основные сведения об издании Изд. 2-е, доп.
210 Выходные данные 1_
a Место издания Москва
c Издательство Искусство
d Дата издания 1987
215 Физическое описание __
a Объем 239 с.
c Иллюстрации/тип воспроизводства фотоил.
d Формат 16 см
225 Серия 1_
a Серия Города и музеи мира
320 Библиография __
a Библиография Библиогр. в примеч.
606 Тематические рубрики 0_
a Основная рубрика Художественные музеи, коллекции и собрания
610 Ключевые слова 0_
a Ключевые слова музеи Московского Кремля, музеи России, Кремль
686 Индексы других классификаций __
a Классификационный индекс 85.101
2 Код системы rubbk
700 Автор _1
a Фамилия Ненарокомова
b Имя (инициалы) И. С.
g Полное личное имя Ирина Сергеевна
702 Вторичная интеллектуальная ответственность _1
a Фамилия Васильев
b Имя (инициалы) Н. И.
4 Код отношения 040
702 Вторичная интеллектуальная ответственность _1
a Фамилия Лебедева
b Имя (инициалы) И. Ю.
4 Код отношения 340
801 Источник записи _0
a Страна RU
b Организация RuCBSGrad
c Дата составления 20260416
g Правила каталогизации RCR
801 Источник записи _1
a Страна RU
b Организация RuCBSGrad
c Дата составления 20260416
g Правила каталогизации RCR
852 Данные о местонахождении __
a Наименование организации МБУК "ЦБС г.Димитровграда"
i Авторский знак Н 51
z Тип записи R
901 Тип документа __
t Тип документа m
909 Создатель записи __
a Создатель записи Ертушева
b Дата создания записи 20260416